Ecuadors biggest Cities Quiz Stats

 Plays Quiz not verified by Sporcle

Challenge
Share
Tweet
Embed
Score 0/12 Timer 04:00
0 Plays Today
Population City % Correct
1,539,907Quito
99.8%
2,168,319Guayaquil
97%
344,903Cuenca
81.1%
200,258Manta
50.5%
191,987Ambato
50.2%
139,738Loja
49%
160,232Riobamba
47.3%
231,621Machala
43.5%
220,255Portoviejo
36.8%
219,894Santo Domingo de los Tsáchilas
34.1%
190,613Durán (Eloy Alfaro)
23.1%
135,144Quevedo
23.1%

You're not logged in!

Compare scores with friends on all Sporcle quizzes.
Join for Free
OR
Log In

You Might Also Like...

Show Comments

Extras

Top Quizzes Today


Score Distribution

Your Account Isn't Verified!

In order to create a playlist on Sporcle, you need to verify the email address you used during registration. Go to your Sporcle Settings to finish the process.

Report this User

Report this user for behavior that violates our Community Guidelines.

Details: